Loading...
Fine Arts - Classical Music | 6 | 15.00 | 100% | 50% | 0% |
Fine Arts - Other Fine Arts | 7 | 10.00 | 71% | 29% | 0% |
Fine Arts - Painting & Sculpture | 6 | 18.33 | 83% | 83% | 17% |
History - American History | 4 | 17.50 | 100% | 75% | 0% |
History - European History | 7 | 17.14 | 100% | 43% | 29% |
History - Other History | 7 | 11.43 | 86% | 29% | 0% |
History - World History | 7 | 17.14 | 100% | 57% | 14% |
Literature - American Literature | 4 | 10.00 | 100% | 0% | 0% |
Literature - British Literature | 6 | 13.33 | 100% | 33% | 0% |
Literature - European Literature | 6 | 11.67 | 100% | 17% | 0% |
Literature - World Literature | 5 | 14.00 | 100% | 40% | 0% |
Mythology | 5 | 14.00 | 100% | 40% | 0% |
Other | 4 | 17.50 | 75% | 100% | 0% |
Philosophy | 5 | 12.00 | 100% | 20% | 0% |
Religion | 5 | 16.00 | 80% | 60% | 20% |
Science - Biology | 6 | 21.67 | 100% | 83% | 33% |
Science - Chemistry | 6 | 13.33 | 100% | 33% | 0% |
Science - Other Science | 5 | 16.00 | 100% | 40% | 20% |
Science - Physics | 5 | 8.00 | 80% | 0% | 0% |
Social Science | 7 | 17.14 | 100% | 57% | 14% |